Récords de la Liga Española de Fútbol - Estadísticas

Estadísticas generales
  • Esta prueba ha sido intentada 905 veces
  • La puntuación promedio es 7 de 19
Estadísticas de respuestas
Record Respuesta Pista % Correcto
Jugador que marcó mas goles en una sola temporada Lionel Messi Nada más y nada menos que 50 goles en 37 partidos
94%
Equipo que ha recibido más goles en un partido de Primera División FC Barcelona El Athletic Bilbao le endosó un 12-1 en la temporada 30-31
76%
Portero que menos goles ha recibido en una sola temporada de 20 equipos Oblak | Liaño 18 goles, ambos con un promedio de 0,47
74%
Portero con más premios Zamora en Primera División Victor Valdés 5 premios Zamora
67%
Jugador que marcó más goles para obtener el trofeo Zarra David Villa Es el jugador español más anotador de la temporada. 28 goles con el Valencia
60%
Más partidos de un jugador en Primera División Zubizarreta Jugo 622 partidos repartidos entre Athletic Bilbao, Barcelona y Valencia
55%
Equipos que protagonizaron el partido con mas goles en Primera División Athletic Bilbao | Racing El partido acabo 9-5 en la jornada 11 de la temporada 32-33
53%
Equipo que ha permanecido más tiempo imbatido en Primera División Atletico de Madrid Se mantuvo durante 13 jornadas consecutivos imbatido en la temporada 1990-1991
47%
Arbitro con más partidos en Primera División Mateu Lahoz Está aun en activo con 348 partidos
47%
Debutante más joven en un partido de Primera División Luka Romero Debutó con el Mallorca en la temporada 2019-2020 con 15 años y 219 dias
39%
Equipo con menor puntuación en una liga de 20 equipos Logroñes | Sporting 13 puntos en la campaña 1994-1995 y 1997-1998
32%
Equipo con más goles en contra de toda la historia de Primera División Espanyol Hasta el momento ha recibido 4034 goles en 85 temporadas
29%
Entrenador con más títulos de Primera División Miguel Muñoz 9 títulos en 21 temporadas, casi todas con el Real Madrid
19%
Jugador más rapido en marcar un gol en Primera División Joseba Llorente 7,22 segundos
12%
Goleador con más edad en un partido de Primera División Donato Con 40 años y 138 dias vistiendo la camiseta del Deportivo de la Coruña
11%
Más goles en un partido de Primera Division Kubala | Bata 7 goles
6%
Ramallets 5 premios Zamora
4%
Equipo más goleado en una temporada de Primera División Lleida Recibió 134 goles en la temporada 50-51
3%
Jugador con mas penaltis marcados en un solo partido en Primera Division Peternac El partido acabó 3-8 a favor del Valladolid. Marcó 4 penaltis
3%
No se encontraron pruebas coincidentes
Distribución de puntuación
Porcentaje de gente con cada puntuación
Porcentaje por número respondido
Historial de tus puntuaciones
No has intentado esta prueba.